| 000 | 00388nam a2200169Ia 4500 | ||
|---|---|---|---|
| 008 | 210210b1917 xxu||||| |||| 00| 0 eng d | ||
| 041 | _aeng | ||
| 082 | _a320/490 | ||
| 100 | _aRIDDELL (W R) | ||
| 245 | _aConstitution of Canada | ||
| 260 |
_a _bNot Mentioned _c1917 |
||
| 650 | _aof | ||
| 650 | _aConstitution | ||
| 650 | _aCanada | ||
| 690 | _aPolitical Science | ||
| 906 | _a003132 | ||
| 999 |
_c118469 _d118469 |
||